000 00877cam a2200289 a 4500
001 532288
003 NUST - PNEC
005 20170116181128.0
008 870415s1987 vaua 001 0 eng
010 _a 87010018
020 _a0809461714
020 _a0809461722 (lib. bdg.)
040 _aDLC
_cLIBRARY
_dDLC
050 0 0 _aBF575.S75
_bM32 1987
082 0 0 _a155.9 CON
100 _913801
_aConstable, George
245 0 0 _aManaging stress :
_bfrom morning to night.
_cGeorge Constable
260 _aAlexandria, Va. :
_bTime-Life Books,
_c1987.
300 _a144 p. :
_bcol. ill. ;
_c26 cm.
440 0 _aFitness, health & nutrition
500 _aIncludes index.
650 0 _aStress (Psychology)
_xGeneral
650 0 _aStress (Physiology)
_xPrevention.
710 2 _aTime-Life Books.
906 _a7
_bcbc
_corignew
_d1
_eocip
_f19
_gy-gencatlg
942 _2ddc
_cBK
999 _c69839
_d69839